|
|
|
|
| LEADER |
00000cam a2200000 i 4500 |
| 001 |
1/50074 |
| 008 |
980728s1981 gr | ||| |||| ||gre|| |
| 035 |
|
|
|l 10043784
|
| 040 |
|
|
|a GR-MyUA
|b gre
|e AACR2
|
| 041 |
1 |
|
|a gre
|
| 082 |
0 |
|
|a 792.01
|
| 100 |
1 |
|
|a Vilar, Jean,
|d 1912-1971.
|
| 245 |
1 |
0 |
|a Για τη θεατρική παράδοση /
|c Ζάν Βιλάρ ; μετάφραση Λείας Χατζοπούλου - Καραβία.
|
| 260 |
|
|
|a Αθήνα :
|b Κάλβος,
|c 1981.
|
| 300 |
|
|
|a 132 σ. ;
|c 18 εκ.
|
| 650 |
0 |
0 |
|a Theater
|x History and criticism.
|
| 700 |
1 |
|
|a Χατζοπούλου-Καραβία, Λεία
|d 1932-
|e trlf
|
| 852 |
|
|
|a INST
|b SAMOS
|e 19980728
|h 792.01 VIL
|p 005300010803
|q 005300010803
|t BK
|y 0
|
| 901 |
|
|
|a BIBL-1998-2
|
| 909 |
|
|
|a Σ
|b 057635
|
| 922 |
|
|
|a 3ΕΛΗ
|b 199709
|c ΔΩΡ
|d ΠΑΡΙΑΝΟΣ
|